[Event "23rd Hoogeveen op"]
[Site "Hoogeveen NED"]
[Date "2019.10.19"]
[Round "1.31"]
[White "Ricken, Katharina"]
[Black "Hilwerda, Jonas"]
[Result "0-1"]
[WhiteElo "1970"]
[BlackElo "2229"]
[EventDate "2019.10.19"]
[PlyCount "102"]

1.Nf3 Nf6 2.g3 g6 3.b3 Bg7 4.Bb2 d6 5.d4 b6 6.Bg2 Bb7 7.O-O O-O 8.c4 Nbd7 
9.d5 c5 10.Nc3 a6 11.a4 Qc7 12.Qc2 Rad8 13.e4 e5 14.Ne1 Bc8 15.Nd3 Nh5 16.
Bf3 Nhf6 17.Bg2 Kh8 18.Rae1 Nh5 19.Qe2 Rde8 20.Bf3 Nhf6 21.Bg2 Ng8 22.Qc2 
f5 23.exf5 gxf5 24.f4 e4 25.Nf2 Ndf6 26.Ncd1 h5 27.Ne3 Nh6 28.Bc3 Qf7 29.
Nh3 h4 30.gxh4 Qh5 31.Qf2 Nfg4 32.Bxg7+ Kxg7 33.Qg3 Rh8 34.Nf2 Kf7 35.
Nexg4 Nxg4 36.Nxg4 Reg8 37.h3 fxg4 38.f5 gxh3 39.Qxh3 Qxh4 40.Qxh4 Rxh4 
41.Re3 Kf6 42.Rf2 Bxf5 43.Kf1 Ke5 44.Ke2 Rh2 45.Bf1 Rxf2+ 46.Kxf2 Kf4 47.
Rc3 Rg6 48.Re3 Rh6 49.Rc3 Rh2+ 50.Ke1 Rb2 51.Be2 e3 0-1

[Event "23rd Hoogeveen op"]
[Site "Hoogeveen NED"]
[Date "2019.10.19"]
[Round "1.35"]
[White "Merkon, Oseb"]
[Black "Tabak, Stefan"]
[Result "0-1"]
[WhiteElo "1930"]
[BlackElo "2181"]
[EventDate "2019.10.19"]
[PlyCount "78"]

1.c4 f5 2.Nc3 Nf6 3.g3 g6 4.Bg2 Bg7 5.Nf3 d6 6.d4 O-O 7.O-O c6 8.Rb1 Qe8 
9.b4 e5 10.e3 e4 11.Nd2 Nbd7 12.c5 d5 13.b5 g5 14.f3 exf3 15.Nxf3 h6 16.a4
Ne4 17.Nxe4 fxe4 18.Ne1 Nf6 19.Nc2 Bg4 20.Qe1 cxb5 21.axb5 Qh5 22.Rf2 Bf3 
23.h3 g4 24.h4 Qf7 25.Ba3 Rfc8 26.Rd2 Nh5 27.Bxf3 exf3 28.e4 dxe4 29.Qxe4 
Nf6 30.Qd3 Qc7 31.Kf2 Re8 32.Re1 Rxe1 33.Kxe1 Qxg3+ 34.Kf1 Re8 35.Ne3 Ne4 
36.Rc2 Qh3+ 37.Kg1 g3 38.Nd1 f2+ 39.Rxf2 Nxf2 0-1

[Event "23rd Hoogeveen op"]
[Site "Hoogeveen NED"]
[Date "2019.10.20"]
[Round "2.1"]
[White "Basso, Pier Luigi"]
[Black "Dixit, Nikhil"]
[Result "1/2-1/2"]
[WhiteElo "2575"]
[BlackElo "2358"]
[EventDate "2019.10.19"]
[PlyCount "55"]

1.d4 Nf6 2.c4 g6 3.f3 Bg7 4.e4 d6 5.Nc3 O-O 6.Nge2 c5 7.d5 Nbd7 8.Ng3 h5 
9.Be2 h4 10.Nf1 Re8 11.Bg5 h3 12.g4 e6 13.Ng3 exd5 14.cxd5 b5 15.Bxb5 Nxe4
16.Ngxe4 Qxg5 17.O-O Qf4 18.Qc1 Qxc1 19.Raxc1 Be5 20.f4 Bd4+ 21.Kh1 Bxc3 
22.Nxd6 Bxb2 23.Nxe8 Bxc1 24.Rxc1 Kf8 25.Bxd7 Bxd7 26.Nf6 Ke7 27.g5 Rb8 
28.d6+ 1/2-1/2

[Event "23rd Hoogeveen op"]
[Site "Hoogeveen NED"]
[Date "2019.10.20"]
[Round "2.3"]
[White "Werle, Jan"]
[Black "De Jong, Migchiel"]
[Result "1/2-1/2"]
[WhiteElo "2544"]
[BlackElo "2330"]
[EventDate "2019.10.19"]
[PlyCount "69"]

1.d4 e6 2.c4 Bb4+ 3.Bd2 a5 4.Nc3 Nf6 5.e3 O-O 6.Nge2 d5 7.a3 Be7 8.cxd5 
exd5 9.Nf4 c6 10.Bd3 Re8 11.O-O Bd6 12.Qc2 Nbd7 13.Kh1 Nf8 14.f3 Be6 15.
Nce2 Rc8 16.Nxe6 Nxe6 17.Be1 c5 18.Qd2 Bc7 19.Bf5 cxd4 20.Nxd4 Bb6 21.Rd1 
Rc4 22.Bd3 Rc7 23.Bg3 Rc8 24.Bb5 Nxd4 25.exd4 Re6 26.Rc1 Rxc1 27.Rxc1 h6 
28.Bf2 Ne8 29.Bd3 Nd6 30.Qc3 Qf6 31.Rd1 g6 32.Bf1 Ne4 33.Qc8+ Kg7 34.Be1 
Ng5 35.Bh4 1/2-1/2

[Event "23rd Hoogeveen op"]
[Site "Hoogeveen NED"]
[Date "2019.10.20"]
[Round "2.4"]
[White "De Boer, Eelke"]
[Black "Ernst, Sipke"]
[Result "1/2-1/2"]
[WhiteElo "2323"]
[BlackElo "2523"]
[EventDate "2019.10.19"]
[PlyCount "85"]

1.e4 e5 2.Nf3 Nc6 3.Bb5 a6 4.Ba4 b5 5.Bb3 Na5 6.d4 exd4 7.Qxd4 Bb7 8.Nc3 
d6 9.Qd3 Nxb3 10.axb3 Nf6 11.O-O Be7 12.Nd5 Nxd5 13.exd5 O-O 14.Bd2 Qd7 
15.c4 c6 16.dxc6 Qxc6 17.cxb5 axb5 18.Rxa8 Rxa8 19.Rc1 Qd5 20.Qxd5 Bxd5 
21.Nd4 Rb8 22.Nc6 Bxc6 23.Rxc6 Kf8 24.Kf1 Ke8 25.Ke2 Kd7 26.Ra6 Rc8 27.Kd3
Rc5 28.Bc3 h5 29.b4 Rf5 30.Ke3 Ke6 31.f4 g5 32.g3 gxf4+ 33.gxf4 Rd5 34.Ra1
h4 35.Ke4 h3 36.Rf1 Rf5 37.Kf3 Rh5 38.Re1+ Kd7 39.Kg4 Rh4+ 40.Kg3 Rh6 41.
Kg4 Rh4+ 42.Kg3 Rh6 43.Kg4 1/2-1/2

[Event "23rd Hoogeveen op"]
[Site "Hoogeveen NED"]
[Date "2019.10.20"]
[Round "2.9"]
[White "Akash, Ganesan"]
[Black "Van Dael, Siem"]
[Result "1-0"]
[WhiteElo "2449"]
[BlackElo "2273"]
[EventDate "2019.10.19"]
[PlyCount "81"]

1.e4 c5 2.Nf3 Nc6 3.Nc3 e5 4.Bc4 g6 5.d3 h6 6.Be3 d6 7.h3 Bg7 8.Nh2 Nge7 
9.Qd2 Nd4 10.f4 Be6 11.Bxe6 Nxe6 12.fxe5 dxe5 13.O-O f5 14.exf5 gxf5 15.
Rae1 Qd7 16.Qf2 b6 17.Qf3 O-O 18.Qh5 f4 19.Bf2 Rf5 20.Qd1 Raf8 21.Nf3 Nd5 
22.Ne4 R5f7 23.c3 Ne7 24.Qb3 Nc6 25.Rd1 Nc7 26.Rfe1 Qd5 27.Qa4 Kh8 28.a3 
a5 29.Qc2 Ne6 30.a4 Ne7 31.Ned2 Ng5 32.Nxg5 hxg5 33.Nf3 Bf6 34.d4 exd4 35.
cxd4 c4 36.Re5 Qb7 37.Rb5 Nd5 38.Re1 Rg7 39.Qxc4 Ne3 40.Bxe3 fxe3 41.Rxe3 
1-0

[Event "23rd Hoogeveen op"]
[Site "Hoogeveen NED"]
[Date "2019.10.20"]
[Round "2.12"]
[White "Mueer, Sebastian"]
[Black "Zwirs, Nico"]
[Result "1/2-1/2"]
[WhiteElo "2194"]
[BlackElo "2421"]
[EventDate "2019.10.19"]
[PlyCount "150"]

1.Nf3 Nf6 2.c4 g6 3.Nc3 Bg7 4.e4 d6 5.d4 O-O 6.h3 e5 7.d5 a5 8.Be3 Na6 9.
g4 h5 10.g5 Nd7 11.Rg1 Nac5 12.Nh4 Nb6 13.Qf3 c6 14.O-O-O cxd5 15.Bxc5 
dxc5 16.exd5 Bg4 17.hxg4 Qxg5+ 18.Kb1 Qxh4 19.gxh5 Qxh5 20.Qxh5 gxh5 21.
Ne4 Kh7 22.Bd3 f5 23.Nd6 e4 24.Nxf5 exd3 25.Rxg7+ Kh8 26.Rg5 Rf7 27.b3 Rh7
28.Rh1 Rg8 29.Rgxh5 Rg1+ 30.Rxg1 Rxh5 31.Ng3 Re5 32.Kc1 a4 33.Kd2 axb3 34.
axb3 Nd7 35.f4 Re8 36.Kxd3 Nf6 37.Rh1+ Kg8 38.Nf5 b5 39.Rg1+ Kf8 40.Rg6 
Nh5 41.Rg4 bxc4+ 42.Kxc4 Re1 43.Kxc5 Nf6 44.Rh4 Rc1+ 45.Kd6 Kf7 46.Nh6+ 
Kg6 47.Ng4 Ne4+ 48.Ke7 Rc3 49.b4 Rb3 50.d6 Rxb4 51.d7 Rb7 52.Rh6+ Kf5 53.
Ne5 Kxf4 54.Ke8 Rb8+ 55.d8=Q Rxd8+ 56.Kxd8 Kxe5 57.Ke7 Ng3 58.Re6+ Kf5 59.
Ra6 Ke5 60.Ra5+ Kf4 61.Ke6 Ne2 62.Ra4+ Ke3 63.Ke5 Nc3 64.Rd4 Ne2 65.Rh4 
Kd3 66.Rh2 Nc3 67.Rh3+ Kc4 68.Rh8 Kd3 69.Rc8 Ne2 70.Rd8+ Ke3 71.Rd1 Nc3 
72.Rd4 Ne2 73.Ra4 Nc3 74.Ra3 Kd3 75.Rxc3+ Kxc3 1/2-1/2

[Event "23rd Hoogeveen op"]
[Site "Hoogeveen NED"]
[Date "2019.10.20"]
[Round "2.13"]
[White "Kaasen, Tor Fredrik"]
[Black "Adocchio, Giampiero"]
[Result "1/2-1/2"]
[WhiteElo "2415"]
[BlackElo "2184"]
[EventDate "2019.10.19"]
[PlyCount "99"]

1.d4 d5 2.c4 e6 3.Nc3 Be7 4.cxd5 exd5 5.Bf4 c6 6.e3 Bd6 7.Qf3 Bxf4 8.Qxf4 
Qf6 9.Nge2 Qxf4 10.Nxf4 Bf5 11.f3 Ne7 12.g4 Bg6 13.h4 h5 14.g5 Nd7 15.Kf2 
O-O 16.Rd1 Rfe8 17.Bh3 Nb6 18.Rhe1 Bf5 19.Bf1 g6 20.Rd2 Kf8 21.e4 Be6 22.
Bd3 Nec8 23.Rde2 Nd6 24.Nxe6+ Rxe6 25.e5 Ne8 26.f4 Ng7 27.Rc2 Ree8 28.Ne2 
Nc8 29.Ng3 Ne7 30.Ke3 Ngf5+ 31.Bxf5 Nxf5+ 32.Nxf5 gxf5 33.Kd3 a5 34.Rg1 
Re6 35.Rb1 b5 36.Rg1 Ra6 37.Rc5 Ke7 38.Kc2 Rg6 39.Kb3 Kd7 40.Rc2 Ke7 41.
Re2 Kd7 42.Rc1 Ke7 43.a3 Kd7 44.Rc5 Ke7 45.a4 b4 46.Rec2 Kd7 47.Rc1 Ke7 
48.Ra1 Kd7 49.Ra2 Ke7 50.Ra1 1/2-1/2

[Event "23rd Hoogeveen op"]
[Site "Hoogeveen NED"]
[Date "2019.10.20"]
[Round "2.16"]
[White "Blagojevic, Tijana"]
[Black "Jonkman, Harmen"]
[Result "0-1"]
[WhiteElo "2151"]
[BlackElo "2383"]
[EventDate "2019.10.19"]
[PlyCount "57"]

1.e4 e6 2.Nf3 d5 3.Nc3 Nf6 4.e5 Nfd7 5.Ne2 c5 6.c3 Qa5 7.a3 Nc6 8.d4 cxd4 
9.b4 Qc7 10.cxd4 b5 11.Nf4 Qb6 12.Rb1 a5 13.bxa5 Rxa5 14.Be2 Ba6 15.Rb3 
Ra4 16.Rb1 Ra5 17.Rb3 Be7 18.h4 Ra4 19.Rb1 Qa7 20.O-O O-O 21.Rxb5 Rxd4 22.
Nxd4 Nxd4 23.Ra5 Nxe2+ 24.Qxe2 Ra8 25.Qe3 Qc7 26.Bd2 Nxe5 27.Qg3 Nc4 28.
Bc3 g6 29.Ra4 0-1

[Event "23rd Hoogeveen op"]
[Site "Hoogeveen NED"]
[Date "2019.10.20"]
[Round "2.17"]
[White "Vestby-Ellingsen, Mads"]
[Black "Giacomini, Hector"]
[Result "1-0"]
[WhiteElo "2363"]
[BlackElo "2145"]
[EventDate "2019.10.19"]
[PlyCount "73"]

1.d4 d5 2.c4 e6 3.Nc3 Nf6 4.cxd5 exd5 5.Bg5 Be7 6.e3 O-O 7.Bd3 Nbd7 8.Qc2 
Re8 9.Nge2 Nf8 10.O-O c6 11.f3 Be6 12.Rad1 Rc8 13.e4 dxe4 14.fxe4 Ng4 15.
Bf4 Ng6 16.e5 Bg5 17.Bxg6 hxg6 18.Qd2 Bxf4 19.Nxf4 Bc4 20.Rfe1 g5 21.Nh5 
Bd5 22.Ng3 f6 23.h3 Nh6 24.Qc2 Bf7 25.Nce4 fxe5 26.dxe5 Qb6+ 27.Nc5 Bxa2 
28.b3 Rcd8 29.Rxd8 Rxd8 30.Ne4 Bxb3 31.Qxb3+ Qxb3 32.Nxb3 g4 33.Nd6 Nf7 
34.Nxb7 Re8 35.e6 Kf8 36.N3c5 Ng5 37.Nd6 1-0

[Event "23rd Hoogeveen op"]
[Site "Hoogeveen NED"]
[Date "2019.10.20"]
[Round "2.21"]
[White "Emans, Job"]
[Black "Noordenbos, Daan"]
[Result "1/2-1/2"]
[WhiteElo "2028"]
[BlackElo "2133"]
[EventDate "2019.10.19"]
[PlyCount "90"]

1.d4 Nf6 2.c4 g6 3.Nc3 Bg7 4.e4 d6 5.Nf3 O-O 6.Be2 e5 7.O-O Nc6 8.d5 Ne7 
9.Ne1 Nd7 10.Nd3 f5 11.Bd2 Nf6 12.f3 f4 13.c5 g5 14.cxd6 cxd6 15.Nf2 Ng6 
16.Rc1 h5 17.h3 Rf7 18.Qb3 Bf8 19.Nb5 Rg7 20.Qa3 g4 21.fxg4 Nh4 22.Ba5 b6 
23.Bb4 hxg4 24.Rxc8 Qxc8 25.Nxg4 Nxg4 26.Bxg4 Rxg4 27.hxg4 Qxg4 28.Qh3 
Qxh3 29.gxh3 Rc8 30.Bxd6 Bxd6 31.Nxd6 Rc2 32.b3 Kf8 33.Nc4 Rg2+ 34.Kh1 Re2
35.d6 Ke8 36.Nxe5 Rxe4 37.Nc6 Kd7 38.Rd1 Re2 39.Nb8+ Ke6 40.Rd3 Re3 41.Rd1
Re2 42.Kg1 Nf3+ 43.Kf1 Rxa2 44.d7 Nh2+ 45.Kg1 Nf3+ 1/2-1/2

[Event "23rd Hoogeveen op"]
[Site "Hoogeveen NED"]
[Date "2019.10.20"]
[Round "2.22"]
[White "Kirchei, Viktoriia"]
[Black "Mijnster, Niels"]
[Result "1-0"]
[WhiteElo "2051"]
[BlackElo "2145"]
[EventDate "2019.10.19"]
[PlyCount "71"]

1.e4 c6 2.d4 d5 3.exd5 cxd5 4.Bd3 Nc6 5.c3 Nf6 6.h3 g6 7.Nf3 Bg7 8.O-O Bf5
9.Be2 O-O 10.Bf4 Ne4 11.Na3 h6 12.Nc2 g5 13.Bh2 Bh7 14.Ne3 e6 15.Nd2 f5 
16.Nxe4 fxe4 17.Qb3 Qd7 18.Bg4 Bg6 19.Nxd5 Bf5 20.Bxf5 Rxf5 21.Nc7 Rc8 22.
Qxe6+ Rf7 23.Qxd7 Rxd7 24.Ne6 Bf6 25.Nc5 Re7 26.Rfe1 Nxd4 27.Nxe4 Bg7 28.
cxd4 Bxd4 29.Nc3 Rf7 30.Re2 a6 31.Be5 Ba7 32.Rd1 b5 33.Bd4 Bb8 34.Nd5 Bd6 
35.Re6 Rc6 36.Nf6+ 1-0

[Event "23rd Hoogeveen op"]
[Site "Hoogeveen NED"]
[Date "2019.10.20"]
[Round "2.23"]
[White "Boer, Bas De"]
[Black "Fehr, Axel"]
[Result "1-0"]
[WhiteElo "2142"]
[BlackElo "2045"]
[EventDate "2019.10.19"]
[PlyCount "95"]

1.d4 Nf6 2.c4 g6 3.g3 Bg7 4.Bg2 d6 5.Nf3 O-O 6.O-O Nc6 7.Nc3 a6 8.h3 Rb8 
9.e4 b5 10.d5 b4 11.Ne2 Na5 12.Qc2 b3 13.Qc3 c5 14.Bd2 Rb4 15.Qd3 Rb8 16.
Bxa5 Qxa5 17.axb3 Qb6 18.Nd2 Nd7 19.Qc2 Bh6 20.f4 f5 21.Nc3 Nf6 22.Rae1 
Nh5 23.Kh2 Qd8 24.Re2 e5 25.dxe6 Bxe6 26.e5 Kh8 27.Nd5 dxe5 28.Rxe5 Qd6 
29.Rfe1 Bf7 30.Bf3 Bg7 31.Bxh5 gxh5 32.Rxf5 Bg6 33.Rxf8+ Rxf8 34.Qc1 h4 
35.Nf3 hxg3+ 36.Kxg3 Bf5 37.Ne5 Qh6 38.Ng4 Qd6 39.Nge3 Qg6+ 40.Kh2 Bxh3 
41.Kxh3 Bd4 42.Ng4 Rg8 43.Qd1 h5 44.Ne7 Qxg4+ 45.Qxg4 hxg4+ 46.Kg3 Rb8 47.
Kxg4 Rxb3 48.Kg5 1-0

[Event "23rd Hoogeveen op"]
[Site "Hoogeveen NED"]
[Date "2019.10.20"]
[Round "2.34"]
[White "Klaren, Duncan"]
[Black "Pekin, Tolgay"]
[Result "1-0"]
[WhiteElo "1923"]
[BlackElo "2083"]
[EventDate "2019.10.19"]
[PlyCount "65"]

1.e4 c5 2.Nf3 Nc6 3.Nc3 e5 4.Bc4 Be7 5.d3 Nf6 6.Nd2 d6 7.Nf1 Bg4 8.f3 Be6 
9.Ne3 Qd7 10.Ned5 O-O 11.O-O Nd4 12.a3 Rab8 13.Ba2 b5 14.f4 b4 15.fxe5 
dxe5 16.Nxf6+ Bxf6 17.Nd5 Bd8 18.axb4 cxb4 19.Bc4 Bg4 20.Qd2 Bb6 21.Kh1 
Qd8 22.c3 Ne2 23.Qg5 Qxg5 24.Bxg5 bxc3 25.bxc3 Kh8 26.Be7 Rfe8 27.Bb5 Rxe7
28.Nxe7 Nxc3 29.Nc6 Rc8 30.Nxe5 Be2 31.Nxf7+ Kg8 32.Nd6 Bxf1 33.Nxc8 1-0

[Event "23rd Hoogeveen op"]
[Site "Hoogeveen NED"]
[Date "2019.10.21"]
[Round "3.1"]
[White "Morozov, Nichita"]
[Black "Sindarov, Javokhir"]
[Result "0-1"]
[WhiteElo "2394"]
[BlackElo "2513"]
[EventDate "2019.10.19"]
[PlyCount "92"]

1.e4 e5 2.Nf3 Nc6 3.Bb5 a6 4.Ba4 d6 5.d4 Bd7 6.c3 g6 7.O-O Bg7 8.Bg5 f6 9.
Be3 Nh6 10.h3 Nf7 11.Bb3 O-O 12.dxe5 dxe5 13.Bc5 Re8 14.Na3 Qc8 15.Nc4 Be6
16.Ne3 Bxb3 17.axb3 b6 18.Ba3 Qb7 19.Nd5 Kh8 20.h4 Ncd8 21.h5 c6 22.hxg6 
hxg6 23.Ne3 Nh6 24.Nh4 Kh7 25.g3 Ne6 26.Qe2 b5 27.b4 Qf7 28.Rad1 Ng5 29.f3
Qe6 30.Qc2 Bf8 31.b3 a5 32.Ra1 axb4 33.Bxb4 Qh3 34.Qf2 Bxb4 35.cxb4 Ne6 
36.Nc2 f5 37.Rfd1 Rxa1 38.Rxa1 fxe4 39.Ra7+ Kg8 40.Nxg6 Ng5 41.Nh4 exf3 
42.Nxf3 Nxf3+ 43.Qxf3 Rf8 44.Qg2 Qg4 45.Qxc6 Qd1+ 46.Kg2 Qf1+ 0-1

[Event "23rd Hoogeveen op"]
[Site "Hoogeveen NED"]
[Date "2019.10.21"]
[Round "3.2"]
[White "Schoppen, Casper"]
[Black "Vestby-Ellingsen, Mads"]
[Result "1-0"]
[WhiteElo "2508"]
[BlackElo "2363"]
[EventDate "2019.10.19"]
[PlyCount "79"]

1.e4 e5 2.Nf3 Nc6 3.Bc4 Bc5 4.d3 Nf6 5.O-O d6 6.c3 a6 7.a4 h6 8.Re1 O-O 9.
Nbd2 Ng4 10.Re2 Kh8 11.h3 f5 12.Qe1 Nf6 13.Nh4 Kh7 14.Nxf5 Bxf5 15.exf5 d5
16.Bb3 Qd7 17.g4 Rae8 18.Bc2 a5 19.Nf3 e4 20.dxe4 dxe4 21.Nh4 Ne5 22.Qd1 
Qc6 23.Bf4 Nf3+ 24.Nxf3 exf3 25.Re6 Rxe6 26.fxe6+ Kh8 27.Bg3 Be7 28.Qd3 
Rd8 29.Qf5 Rd2 30.h4 Rxc2 31.Qxc2 Qxe6 32.Qf5 Qe2 33.g5 hxg5 34.hxg5 Nh7 
35.g6 Nf8 36.Kh2 Bd6 37.Kh3 Qd2 38.Bxd6 Qh6+ 39.Kg4 Nxg6 40.Bg3 1-0

[Event "23rd Hoogeveen op"]
[Site "Hoogeveen NED"]
[Date "2019.10.21"]
[Round "3.3"]
[White "Beerdsen, Thomas"]
[Black "Tabak, Stefan"]
[Result "1/2-1/2"]
[WhiteElo "2472"]
[BlackElo "2181"]
[EventDate "2019.10.19"]
[PlyCount "61"]

1.e4 c5 2.Nf3 Nc6 3.c3 e6 4.d4 d5 5.e5 Qb6 6.Bd3 Bd7 7.O-O f6 8.dxc5 Bxc5 
9.b4 Be7 10.Bf4 fxe5 11.Nxe5 Nxe5 12.Bxe5 Nf6 13.Nd2 O-O 14.Qe2 Bd6 15.Nf3
Bxe5 16.Nxe5 Rad8 17.a3 Be8 18.Rae1 Bh5 19.Qd2 Ng4 20.h3 Nxe5 21.Rxe5 Bg6 
22.Bxg6 hxg6 23.Rg5 Rf6 24.Qc2 Kf7 25.Rd1 Rc8 26.Rd3 Rc4 27.Rf3 Re4 28.
Rgg3 Qc7 29.Qd2 Qe5 30.Rxf6+ gxf6 31.Qh6 1/2-1/2

[Event "23rd Hoogeveen op"]
[Site "Hoogeveen NED"]
[Date "2019.10.21"]
[Round "3.4"]
[White "Jonkman, Harmen"]
[Black "Akash, Ganesan"]
[Result "0-1"]
[WhiteElo "2383"]
[BlackElo "2449"]
[EventDate "2019.10.19"]
[PlyCount "118"]

1.e4 c5 2.Nf3 d6 3.Bb5+ Nd7 4.O-O a6 5.Bd3 Ngf6 6.c3 b5 7.Bc2 c4 8.b3 Qc7 
9.a4 cxb3 10.Bxb3 bxa4 11.Bc2 Bb7 12.d3 e6 13.Rxa4 Be7 14.c4 O-O 15.Bd2 d5
16.Ba5 Qb8 17.cxd5 exd5 18.e5 Nxe5 19.Nxe5 Qxe5 20.Re1 Qd6 21.Bb4 Qxb4 22.
Rxb4 Bxb4 23.Nd2 a5 24.Rf1 a4 25.Bb1 d4 26.Ba2 Bd5 27.Nc4 Be6 28.f4 Ng4 
29.f5 Bxc4 30.dxc4 Ne3 31.Qxd4 Nxf1 32.c5 Bxc5 33.Qxc5 Nd2 34.Bd5 Rae8 35.
Qb4 Re2 36.f6 Rfe8 37.Qxa4 Re1+ 38.Kf2 R1e2+ 39.Kg1 gxf6 40.Qg4+ Kh8 41.
Qd4 R8e5 42.h4 Re1+ 43.Kf2 Rf1+ 44.Kg3 Rff5 45.Bc6 Nf1+ 46.Kh3 h5 47.Be4 
Rf4 48.Qd8+ Kg7 49.Bf3 Rxf3+ 50.gxf3 Re2 51.Qd6 Rh2+ 52.Qxh2 Nxh2 53.Kxh2 
Kg6 54.Kg2 Kf5 55.Kf1 Kf4 56.Kf2 f5 57.Ke2 Kg3 58.Ke3 f6 59.f4 Kg4 0-1

[Event "23rd Hoogeveen op"]
[Site "Hoogeveen NED"]
[Date "2019.10.21"]
[Round "3.5"]
[White "Manush, Shah"]
[Black "Basso, Pier Luigi"]
[Result "0-1"]
[WhiteElo "2352"]
[BlackElo "2575"]
[EventDate "2019.10.19"]
[PlyCount "94"]

1.d4 d5 2.c4 c6 3.Nf3 Nf6 4.e3 Bg4 5.Qb3 Qb6 6.Nc3 e6 7.Nh4 Bh5 8.h3 g5 9.
Nf3 h6 10.Ne5 Nfd7 11.Nd3 Be7 12.Bd2 Bg6 13.Be2 Nf6 14.c5 Qc7 15.Ne5 Bh7 
16.Rc1 Nbd7 17.f4 Nxe5 18.fxe5 Nd7 19.O-O Bg6 20.Nd1 f6 21.Bd3 Bf7 22.exf6
Nxf6 23.Qc2 g4 24.hxg4 Nxg4 25.Rf4 h5 26.Nf2 Bg5 27.Nxg4 hxg4 28.Rcf1 Bxf4
29.Rxf4 O-O-O 30.Qa4 Rdf8 31.Qxa7 Bh5 32.Ba5 Qb8 33.Qxb8+ Kxb8 34.Kf2 
Rxf4+ 35.exf4 Rg8 36.Kg3 Bg6 37.Bxg6 Rxg6 38.Bd8 Rg8 39.Bg5 Kc7 40.Kxg4 
Kd7 41.a3 Ke8 42.f5 e5 43.dxe5 d4 44.f6 d3 45.e6 Rxg5+ 46.Kxg5 d2 47.f7+ 
Ke7 0-1

[Event "23rd Hoogeveen op"]
[Site "Hoogeveen NED"]
[Date "2019.10.21"]
[Round "3.6"]
[White "Pruijssers, Roeland"]
[Black "De Boer, Eelke"]
[Result "1-0"]
[WhiteElo "2550"]
[BlackElo "2323"]
[EventDate "2019.10.19"]
[PlyCount "51"]

1.e4 c5 2.Nf3 d6 3.d4 cxd4 4.Nxd4 Nf6 5.Nc3 a6 6.Be3 e6 7.Qf3 Nbd7 8.O-O-O
Qc7 9.Kb1 b5 10.a3 Bb7 11.Bd3 Be7 12.Qh3 O-O 13.g4 Nc5 14.g5 Nfd7 15.f4 
Rfc8 16.f5 e5 17.g6 Nf8 18.gxf7+ Kxf7 19.Ne6 Nfxe6 20.fxe6+ Kg8 21.Rhg1 
Bf6 22.Bxc5 Qxc5 23.Nd5 Rf8 24.e7 Rf7 25.Nxf6+ Rxf6 26.Qd7 1-0

[Event "23rd Hoogeveen op"]
[Site "Hoogeveen NED"]
[Date "2019.10.21"]
[Round "3.7"]
[White "Bhambure, Shantanu"]
[Black "Werle, Jan"]
[Result "0-1"]
[WhiteElo "2291"]
[BlackElo "2544"]
[EventDate "2019.10.19"]
[PlyCount "84"]

1.d4 Nf6 2.c4 e6 3.Nf3 d5 4.Nc3 Bb4 5.cxd5 exd5 6.Qa4+ Nc6 7.Bg5 h6 8.Bxf6
Qxf6 9.e3 O-O 10.Be2 Be6 11.O-O a6 12.Rfc1 Bd6 13.Qd1 Ne7 14.Na4 b6 15.b4 
a5 16.b5 g5 17.Nb2 Ng6 18.Nd3 Rae8 19.Rc3 Qg7 20.Rac1 f6 21.a4 h5 22.Nd2 
g4 23.e4 Rf7 24.g3 f5 25.e5 Bb4 26.Nxb4 axb4 27.Rc6 f4 28.Bd3 fxg3 29.fxg3
Nf8 30.Qe2 Bd7 31.R6c2 Qh6 32.Rf1 Ree7 33.Rcc1 Ne6 34.Nb3 Ng5 35.Rxf7 Rxf7
36.Rf1 Nf3+ 37.Kh1 Be6 38.Bc2 h4 39.gxh4 Qxh4 40.Qf2 Qh6 41.Qg2 Nxh2 42.
Rxf7 Nf3+ 0-1

[Event "23rd Hoogeveen op"]
[Site "Hoogeveen NED"]
[Date "2019.10.21"]
[Round "3.8"]
[White "Ernst, Sipke"]
[Black "Doshi, Moksh Amitbhai"]
[Result "1-0"]
[WhiteElo "2523"]
[BlackElo "2328"]
[EventDate "2019.10.19"]
[PlyCount "79"]

1.d4 Nf6 2.c4 e6 3.Nc3 Bb4 4.e3 O-O 5.Ne2 Re8 6.a3 Bf8 7.Nf4 d6 8.Bd3 e5 
9.Nfe2 d5 10.cxd5 exd4 11.Nxd4 Nxd5 12.Bxh7+ Kxh7 13.Qh5+ Kg8 14.Qxd5 c5 
15.Qxd8 Rxd8 16.Nf3 Nc6 17.e4 Be6 18.Be3 Bc4 19.Nd2 Ba6 20.f4 Rd3 21.Kf2 
Nd4 22.Rac1 Rd8 23.Nf3 Nxf3 24.gxf3 Be7 25.h4 Bf6 26.e5 Be7 27.f5 b6 28.
Ne4 Rb3 29.Bg5 Rxb2+ 30.Kg3 Re8 31.Bxe7 Rxe7 32.Rcd1 Re8 33.Kf4 Rb3 34.Rd7
Be2 35.Rh3 Rxa3 36.Rg3 Kf8 37.f6 g6 38.Nd6 Ra4+ 39.Ke3 Rxe5+ 40.Kf2 1-0

[Event "23rd Hoogeveen op"]
[Site "Hoogeveen NED"]
[Date "2019.10.21"]
[Round "3.11"]
[White "Adocchio, Giampiero"]
[Black "Harutjunyan, Gevorg"]
[Result "0-1"]
[WhiteElo "2184"]
[BlackElo "2428"]
[EventDate "2019.10.19"]
[PlyCount "66"]

1.d4 d5 2.Nf3 Nc6 3.g3 Bg4 4.Bg2 Qd7 5.O-O O-O-O 6.c4 dxc4 7.Nbd2 f6 8.Qa4
Kb8 9.Qxc4 Nxd4 10.Nxd4 Qxd4 11.Qb5 Qb6 12.Qc4 Bc8 13.Nb3 e5 14.Be3 Qb4 
15.Qc2 Bd6 16.Rac1 Ne7 17.Bc5 Bxc5 18.Nxc5 c6 19.a3 Qb6 20.b4 h5 21.a4 h4 
22.b5 cxb5 23.axb5 hxg3 24.hxg3 Nf5 25.Na6+ bxa6 26.bxa6 Nd4 27.Qe4 Rd5 
28.Rb1 Rb5 29.Rxb5 Qxb5 30.Qa8+ Kc7 31.Rc1+ Kd6 32.Rxc8 Nxe2+ 33.Kf1 Nxg3+
0-1

[Event "23rd Hoogeveen op"]
[Site "Hoogeveen NED"]
[Date "2019.10.21"]
[Round "3.13"]
[White "Advait, Bagri"]
[Black "Kaasen, Tor Fredrik"]
[Result "0-1"]
[WhiteElo "2231"]
[BlackElo "2415"]
[EventDate "2019.10.19"]
[PlyCount "80"]

1.e4 c5 2.Nf3 d6 3.d4 cxd4 4.Qxd4 Nf6 5.Bb5+ Bd7 6.c4 Nc6 7.Qd3 g6 8.Nc3 
Bg7 9.O-O O-O 10.h3 Rc8 11.Be3 a6 12.Bxc6 Bxc6 13.Nd4 Nd7 14.Rac1 Ne5 15.
Qe2 Bd7 16.b3 e6 17.Rfd1 Qe7 18.Rc2 f5 19.f4 Nf7 20.exf5 gxf5 21.Bf2 Rce8 
22.Qh5 Qf6 23.Nf3 Bc6 24.Ng5 Nxg5 25.fxg5 Qe7 26.Bh4 Be5 27.Ne2 Qg7 28.Rf1
Rf7 29.Nf4 Bxf4 30.Rxf4 e5 31.Rf1 f4 32.Rd2 Re6 33.Rfd1 Qf8 34.Qg4 Rg6 35.
Bf2 h6 36.h4 hxg5 37.h5 Rgf6 38.Qxg5+ Rg7 39.Qh4 Bxg2 40.Kh2 Rh6 0-1

[Event "23rd Hoogeveen op"]
[Site "Hoogeveen NED"]
[Date "2019.10.21"]
[Round "3.14"]
[White "Dixit, Nikhil"]
[Black "Slagboom, Leandro"]
[Result "1-0"]
[WhiteElo "2358"]
[BlackElo "1954"]
[EventDate "2019.10.19"]
[PlyCount "41"]

1.e4 c5 2.Nf3 d6 3.Bb5+ Nd7 4.O-O Nf6 5.Re1 e6 6.c3 a6 7.Bd3 Be7 8.Bc2 O-O
9.d4 b5 10.e5 dxe5 11.dxe5 Nd5 12.a4 bxa4 13.Rxa4 g6 14.Qd2 Re8 15.Qh6 Nf8
16.Nbd2 Bb7 17.Ne4 Nb6 18.Rd1 Nxa4 19.Rxd8 Rexd8 20.Nf6+ Kh8 21.Ng5 1-0

[Event "23rd Hoogeveen op"]
[Site "Hoogeveen NED"]
[Date "2019.10.21"]
[Round "3.15"]
[White "Seul, Georg"]
[Black "Mueer, Sebastian"]
[Result "1-0"]
[WhiteElo "2411"]
[BlackElo "2194"]
[EventDate "2019.10.19"]
[PlyCount "103"]

1.e4 c5 2.Nf3 d6 3.Bc4 Nc6 4.O-O Nf6 5.d3 g6 6.Nc3 Bg7 7.a3 O-O 8.h3 e6 9.
Ba2 d5 10.Bg5 d4 11.Ne2 h6 12.Bd2 b5 13.Ng3 Qe7 14.Nh2 e5 15.Ne2 c4 16.f4 
Rd8 17.Nf3 Bb7 18.fxe5 Nxe5 19.Nxe5 Qxe5 20.Nf4 Rac8 21.Qe2 Rd7 22.Rae1 
Kh7 23.Qd1 Bf8 24.Qf3 Bd6 25.g3 Kg7 26.Bb1 g5 27.Ne2 Nxe4 28.dxe4 Bxe4 29.
Qf2 Bc5 30.c3 d3 31.Nd4 f5 32.Kh2 Rf8 33.Be3 Kg6 34.Nf3 Bxf3 35.Bxc5 Be2 
36.Bxf8 Rf7 37.Qc5 Qe4 38.Bd6 f4 39.gxf4 Rf5 40.Qf2 Kh5 41.Rxe2 Qxe2 42.
Qxe2+ dxe2 43.Re1 Rd5 44.Bb8 Rd1 45.Rxe2 Rxb1 46.fxg5 hxg5 47.Bxa7 Rd1 48.
Rg2 Rd3 49.Bc5 Kh4 50.Rg4+ Kh5 51.Be7 Rd2+ 52.Rg2 1-0

[Event "23rd Hoogeveen op"]
[Site "Hoogeveen NED"]
[Date "2019.10.21"]
[Round "3.16"]
[White "Okkes, Menno"]
[Black "Elgersma, Simon"]
[Result "1-0"]
[WhiteElo "2326"]
[BlackElo "2111"]
[EventDate "2019.10.19"]
[PlyCount "99"]

1.Nf3 Nf6 2.c4 e6 3.Nc3 d5 4.d4 a6 5.cxd5 exd5 6.Bg5 Be6 7.e3 Nbd7 8.Bd3 
h6 9.Bh4 g5 10.Bg3 Nh5 11.Qc2 Nxg3 12.hxg3 Bg7 13.O-O-O Qe7 14.Kb1 Nb6 15.
Na4 Nxa4 16.Qxa4+ c6 17.Qc2 Qd6 18.Rc1 a5 19.Nd2 Rc8 20.f4 b6 21.Nf3 c5 
22.Ba6 Rc7 23.Bb5+ Kf8 24.Ne5 c4 25.Rhf1 Bxe5 26.dxe5 Qc5 27.f5 Bc8 28.a4 
Qxe3 29.Rce1 Qd3 30.Qxd3 cxd3 31.Bxd3 Bd7 32.Rc1 Rc5 33.b3 Ke7 34.f6+ Kd8 
35.Rxc5 bxc5 36.Rc1 Re8 37.Rxc5 Rxe5 38.Rxa5 Be6 39.Kc2 Re3 40.Ra8+ Kc7 
41.a5 d4 42.b4 Bd5 43.Ra7+ Kb8 44.Rd7 Bc6 45.Rxf7 Rxg3 46.b5 Rxg2+ 47.Kc1 
Rg1+ 48.Kd2 Rg2+ 49.Ke1 Bd5 50.Rd7 1-0

[Event "23rd Hoogeveen op"]
[Site "Hoogeveen NED"]
[Date "2019.10.21"]
[Round "3.17"]
[White "Wiersma, Eelke"]
[Black "Faber, Hugo"]
[Result "1-0"]
[WhiteElo "2321"]
[BlackElo "2077"]
[EventDate "2019.10.19"]
[PlyCount "105"]

1.e4 e6 2.d4 d5 3.Nd2 c5 4.exd5 Qxd5 5.Ngf3 cxd4 6.Bc4 Qd6 7.O-O Nf6 8.Nb3
Nc6 9.Nbxd4 Nxd4 10.Nxd4 a6 11.Re1 Be7 12.c3 O-O 13.Qf3 Qc7 14.Bb3 Bd6 15.
h3 e5 16.Nc2 e4 17.Qe2 h6 18.Be3 Be5 19.Rad1 Bf5 20.Qc4 Qxc4 21.Bxc4 Rac8 
22.Bb3 Rfd8 23.Bb6 Rd6 24.Rxd6 Bxd6 25.Bd4 Re8 26.Bxf6 gxf6 27.Bd5 Re7 28.
Ne3 Bg6 29.g4 Bc5 30.Kg2 Kg7 31.Nf5+ Bxf5 32.gxf5 e3 33.fxe3 b5 34.e4 a5 
35.a3 Rc7 36.Kf3 Bd6 37.Rd1 Be5 38.Rd2 Rc8 39.Bb7 Rc7 40.Ba6 Rc5 41.Rd5 
Rxd5 42.exd5 b4 43.cxb4 axb4 44.axb4 Bxb2 45.d6 Kf8 46.b5 Be5 47.d7 Ke7 
48.Bc8 Bc7 49.Kg4 Bb6 50.Kh5 Be3 51.h4 Kd8 52.b6 Bxb6 53.Kxh6 1-0